• 首页
  • 本馆介绍
  • 公告通知
  • 最新文献
  • 馆藏检索
  • 电子资源
  • 读者导购
  • 参考咨询
  • 我的图书馆
  • 登录
  • 详细信息显示
  • 放入我的书架
  • 预约/预借图书
  • 作者相关作品
  • 分类相关作品
  • 丛书相关作品
  • 出版社相关作品

书目信息

  • 表格格式
  • 工作单格式
  • 卡片格式
题名:
奥德赛的故事
    
 
作者: 兰姆 , Lamb 改写 ;黄建辛 , 荣开珏 译
分册:  
出版信息: 北京   中国青年出版社  1956
页数: 126页
开本: 18cm
丛书名:
单 册:
中图分类: I561.44
科图分类:
主题词: 长篇小说--英国--近代
电子资源:
ISBN: 10009.16
000 00920nam0 2200301 450
001 0105404302
005 20051010134941.0
010    @a10009.16@dCNY0.34
091    @a10009.16@dCNY0.34
100    @a19970102d1956 em y0chiy0110 ea
101 1  @achi@ceng
102    @aCN@b110000
105    @af z 000ay
106    @ar
200 1  @a奥德赛的故事@9Ao De Sai De;Di Gu Shi @f(英)兰姆(Charles Lamb)改写@g黄建辛,荣开珏译@b专著
210    @a北京@c中国青年出版社@d1956
215    @a126页@c图@d18cm
300    @a书名原文:The adventures of Ulysses
300    @a据希腊荷马著史诗《奥德赛》改写
510 1  @aThe adventures of Ulysses@zeng
606 0  @a长篇小说@y英国@z近代
690    @aI561.44@v3
701  1 @a兰姆@9lan mu@bCharles@4改写
701  1 @aLamb@bCharles@4改写
702  0 @a黄建辛@9huang jian xin@4译
702  0 @a荣开珏@9rong kai jue@4译
801  0 @aCN@bAiZhiMarc
905    @aBZT@dI56@e2@f6@sI56/2
    
    奥德赛的故事/(英)兰姆(Charles Lamb)改写/黄建辛,荣开珏译.-北京:中国青年出版社,1956
    126页:图;18cm
    书名原文:The adventures of Ulysses.-据希腊荷马著史诗《奥德赛》改写
    
    ISBN 10009.16:CNY0.34
    
●
相关链接 在五车中查询图书 在当当中查询图书 在豆瓣中查询图书


正题名:奥德赛的故事     索取号:I56/2         预约/预借

序号 登录号 条形码 馆藏地/架位号 状态 备注
山东省滨州职业学院图书馆 欢迎您!
大连网信软件有限公司© 版权所有